| 000 | 00754ntm a22002057a 4500 | ||
|---|---|---|---|
| 005 | 20170809105233.0 | ||
| 008 | 170802s2014 xx a frb 000 0 eng d | ||
| 040 |
_aEG-ScBUE _beng _cEG-ScBUE |
||
| 082 | 0 | 4 |
_222 _a624 _bAHM |
| 100 | 1 | _aAhmed, Sameh Mourad Mokhtar Saied. | |
| 245 | 1 | 0 |
_aDesign management project / _cSameh Mourad Mokhtar Saied Ahmed. |
| 260 | _c2014. | ||
| 300 |
_a1v. (various paging) : _bill. (col.) ; _c28 cm. |
||
| 500 | _aA design submitted to The Faculty Of Engineering, The British University In Egypt, in partial fulfillment of the requirement of the bachelor degree in civil engineering. | ||
| 590 | _aNour | ||
| 650 | 7 |
_2BUEsh _aCivil engineering _vProjects |
|
| 653 |
_bENGCIV _cAugust2017 |
||
| 655 | _vSPRO | ||
| 942 | _2ddc | ||
| 999 |
_c25309 _d25281 |
||